[Event "Kiev Spring"]
[Site "Kiev"]
[Date "2021.04.07"]
[Round "6"]
[White "Samunenkov, Igor"]
[Black "Yoshan, Valeriy"]
[Result "1-0"]
[WhiteElo "2226"]
[BlackElo "2351"]
[PlyCount "53"]
[EventDate "2021.04.02"]
[EventType "tourn"]
[EventRounds "9"]
[EventCountry "UKR"]
[EventCategory "2"]
[SourceTitle "CBM 202 Extra"]
[Source "ChessBase"]
[SourceDate "2021.07.31"]
[SourceVersion "1"]
[SourceVersionDate "2021.07.31"]
[SourceQuality "1"]

1. e4 Nf6 2. e5 Nd5 3. d4 d6 4. Bc4 e6 5. Nf3 Be7 6. Qe2 Nc6 7. 0-0 Nb6 8. Bb3 Bd7 9. c3 dxe5 10. dxe5 Na5 11. Bc2 c5 12. Nbd2 Qc7 13. Ne4 Nc6 14. Bf4 Nd5 15. Bg3 h6 16. Rfd1 Qb6 17. Rab1 0-0-0 18. a3 g5 19. Nfd2 Be8 20. Nc4 Qc7 21. Ncd6+ Bxd6 22. Nxd6+ Kb8 23. Rxd5 exd5 24. Nxe8 Qe7 25. e6+ Kc8 26. Bf5 f6 27. Nd6+ 1-0

[Event "Kiev Spring"]
[Site "Kiev"]
[Date "2021.04.06"]
[Round "5"]
[White "Yoshan, Valeriy"]
[Black "Petrova, Irina"]
[Result "1-0"]
[WhiteElo "2351"]
[BlackElo "2120"]
[PlyCount "85"]
[EventDate "2021.04.02"]
[EventType "tourn"]
[EventRounds "9"]
[EventCountry "UKR"]
[EventCategory "2"]
[SourceTitle "CBM 202 Extra"]
[Source "ChessBase"]
[SourceDate "2021.07.31"]
[SourceVersion "1"]
[SourceVersionDate "2021.07.31"]
[SourceQuality "1"]

1. c4 d6 2. Nc3 e5 3. Nf3 f5 4. d4 e4 5. Ng5 Be7 6. Nh3 Nf6 7. Nf4 0-0 8. h4 c6 9. e3 Na6 10. h5 Nc7 11. d5 c5 12. Bd2 Bd7 13. Be2 a6 14. a4 b6 15. f3 Qe8 16. Qb1 exf3 17. gxf3 Qf7 18. Bd3 b5 19. axb5 axb5 20. Rxa8 Rxa8 21. cxb5 Rb8 22. Bxf5 Bxf5 23. Qxf5 Nxb5 24. Nxb5 Rxb5 25. Bc3 Nd7 26. Qd3 Rb8 27. Rg1 Bh4+ 28. Ke2 Ne5 29. Qe4 Bf6 30. h6 g6 31. Nh5 Bh8 32. f4 Nd7 33. Qe6 Bxc3 34. bxc3 Rb2+ 35. Kd3 Kf8 36. Qxd6+ Ke8 37. Ng7+ Kd8 38. Ra1 c4+ 39. Kxc4 Rb8 40. Ra7 Rc8+ 41. Kd3 g5 42. Rxd7+ Qxd7 43. Ne6+ 1-0

[Event "Kiev Spring"]
[Site "Kiev"]
[Date "2021.04.03"]
[Round "2"]
[White "Rytenko, Vsevolod"]
[Black "Yoshan, Valeriy"]
[Result "1/2-1/2"]
[WhiteElo "2403"]
[BlackElo "2351"]
[PlyCount "44"]
[EventDate "2021.04.02"]
[EventType "tourn"]
[EventRounds "9"]
[EventCountry "UKR"]
[EventCategory "2"]
[SourceTitle "CBM 202 Extra"]
[Source "ChessBase"]
[SourceDate "2021.07.31"]
[SourceVersion "1"]
[SourceVersionDate "2021.07.31"]
[SourceQuality "1"]

1. Nf3 d5 2. d4 Bf5 3. Bf4 e6 4. c4 Nf6 5. Nc3 Bb4 6. e3 0-0 7. Bd3 Bxd3 8. Qxd3 c5 9. dxc5 Nbd7 10. Bd6 Nxc5 11. Bxc5 Bxc5 12. cxd5 Bb4 13. 0-0 Bxc3 14. Qxc3 Qxd5 15. Rfd1 Rac8 16. Rxd5 Rxc3 17. Rd2 Rc7 18. Rad1 h6 19. Nd4 Rd8 20. Nb3 Rxd2 21. Rxd2 Rd7 22. Rxd7 Nxd7 1/2-1/2

[Event "Khanty-Mansiysk"]
[Site "Khanty-Mansiysk"]
[Date "2009.10.04"]
[Round "9"]
[White "Kopylov, Alexander A"]
[Black "Yoshan, Valeriy"]
[Result "1/2-1/2"]
[WhiteElo "2442"]
[BlackElo "2413"]
[PlyCount "91"]
[EventDate "2009.09.26"]
[EventType "tourn"]
[EventRounds "9"]
[EventCountry "RUS"]
[EventCategory "6"]
[SourceTitle "EXT 2010"]
[Source "ChessBase"]
[SourceDate "2010.11.25"]
[SourceVersion "1"]
[SourceVersionDate "2010.11.25"]
[SourceQuality "1"]

1. d4 Nf6 2. c4 e6 3. Nc3 Bb4 4. Qc2 b6 5. a3 Bxc3+ 6. Qxc3 0-0 7. Bg5 Bb7 8. e3 d6 9. Ne2 Nbd7 10. Qc2 Qe7 11. Nc3 c5 12. Rd1 Rfd8 13. f3 cxd4 14. Rxd4 Nf8 15. Be2 h6 16. Bxf6 Qxf6 17. 0-0 Rd7 18. Rfd1 Qe7 19. Bf1 Rad8 20. Qf2 Ng6 21. Qg3 Bc6 22. Be2 a6 23. a4 a5 24. b3 Ne5 25. h3 Qf8 26. R1d2 Qe7 27. Qf2 Bb7 28. Rd1 Nc6 29. R4d2 Ne5 30. f4 Ng6 31. Bf3 Bxf3 32. Qxf3 Rc7 33. Ne4 Nh4 34. Qf2 Rcd7 35. Ng3 Ng6 36. e4 Qh4 37. Ne2 Qxf2+ 38. Kxf2 h5 39. g4 hxg4 40. hxg4 Kf8 41. Ke3 Ke7 42. Nd4 Rc7 43. Nb5 Rcd7 44. Kf3 Nh4+ 45. Kg3 Ng6 46. Rd3 1/2-1/2

[Event "Khanty-Mansiysk HMAO-ch"]
[Site "Khanty-Mansiysk"]
[Date "2008.01.27"]
[Round "5"]
[White "Yoshan, Valeriy"]
[Black "Kabanov, Nikolai"]
[Result "0-1"]
[WhiteElo "2422"]
[BlackElo "2517"]
[PlyCount "96"]
[EventDate "2008.01.25"]
[EventType "swiss"]
[EventRounds "9"]
[EventCountry "RUS"]
[SourceTitle "EXT 2009"]
[Source "ChessBase"]
[SourceDate "2008.11.26"]
[SourceVersion "1"]
[SourceVersionDate "2008.11.26"]
[SourceQuality "1"]

1. e4 d5 2. exd5 Nf6 3. d4 Bg4 4. Be2 Bxe2 5. Qxe2 Qxd5 6. Nf3 Nc6 7. c4 Qf5 8. 0-0 0-0-0 9. d5 Nb4 10. Nc3 e6 11. dxe6 fxe6 12. Be3 Nc6 13. Rfd1 Rxd1+ 14. Rxd1 a6 15. Nd4 Nxd4 16. Bxd4 Bd6 17. Re1 Qf4 18. Be5 Bxe5 19. Qxe5 Qxc4 20. Qxe6+ Qxe6 21. Rxe6 Rd8 22. Re2 b5 23. f3 Rd4 24. Rc2 Kd7 25. Kf2 c5 26. Ne2 Rd5 27. g4 c4 28. h4 Rd1 29. a4 Kc6 30. axb5+ axb5 31. b3 Kc5 32. bxc4 bxc4 33. h5 Rd7 34. Ng3 h6 35. Nf5 Nd5 36. Ke2 c3 37. Rc1 Kc4 38. Ra1 c2 39. Kd2 Nb4+ 40. Ke2 Kc3 41. Ne3 Rd2+ 42. Kf1 Na2 43. Nxc2 Rxc2 44. f4 Kd4 45. Rd1+ Ke4 46. Rd7 Kf3 47. Ke1 Nc3 48. g5 Rc1+ 0-1

[Event "Khanty-Mansiysk HMAO-ch"]
[Site "Khanty-Mansiysk"]
[Date "2008.01.26"]
[Round "3"]
[White "Pridorozhni, Aleksei"]
[Black "Yoshan, Valeriy"]
[Result "1-0"]
[WhiteElo "2519"]
[BlackElo "2422"]
[PlyCount "81"]
[EventDate "2008.01.25"]
[EventType "swiss"]
[EventRounds "9"]
[EventCountry "RUS"]
[SourceTitle "EXT 2009"]
[Source "ChessBase"]
[SourceDate "2008.11.26"]
[SourceVersion "1"]
[SourceVersionDate "2008.11.26"]
[SourceQuality "1"]

1. e4 c5 2. Nf3 d6 3. d4 cxd4 4. Nxd4 Nf6 5. Nc3 a6 6. Rg1 h5 7. h3 b5 8. g4 hxg4 9. hxg4 e5 10. Nf5 Bb7 11. Bg2 b4 12. Na4 g6 13. Ne3 Nbd7 14. g5 Nxe4 15. Qg4 d5 16. Nxd5 Bxd5 17. Bxe4 Be6 18. Qe2 Rc8 19. Be3 Qa5 20. b3 Nc5 21. Nxc5 Bxc5 22. Bxc5 Qxc5 23. 0-0-0 a5 24. Bd5 Qc3 25. Kb1 Bf5 26. Be4 Bxe4 27. Qxe4 Rh4 28. Qe2 Kf8 29. Rg3 Qc7 30. Rgd3 a4 31. bxa4 Qa5 32. Rd5 Qxa4 33. Rd8+ Rxd8 34. Rxd8+ Ke7 35. Rd1 Qa8 36. Qd3 Qb8 37. Re1 Qc7 38. Qd5 Rg4 39. Rxe5+ Kf8 40. Re1 Qc3 41. Rh1 1-0

[Event "World Cup qual"]
[Site "Khanty-Mansiysk"]
[Date "2007.10.22"]
[Round "13"]
[White "Yoshan, Valeriy"]
[Black "Kalmachevskikh, Viktor"]
[Result "1-0"]
[WhiteElo "2408"]
[BlackElo "2339"]
[PlyCount "98"]
[EventDate "2007.10.14"]
[EventType "tourn"]
[EventRounds "13"]
[EventCountry "RUS"]
[EventCategory "5"]
[SourceTitle "CBM 121 Extra"]
[Source "ChessBase"]
[SourceDate "2008.01.10"]
[SourceVersion "1"]
[SourceVersionDate "2008.01.10"]
[SourceQuality "1"]

1. c4 e6 2. g3 d5 3. Bg2 Nf6 4. Nf3 Be7 5. 0-0 0-0 6. b3 b6 7. Bb2 Bb7 8. Ne1 c5 9. cxd5 exd5 10. d4 Nbd7 11. Nc3 cxd4 12. Nb5 Nc5 13. Nxd4 Nce4 14. Nd3 Rc8 15. Rc1 Rxc1 16. Qxc1 Qc8 17. Qa1 Re8 18. Rc1 Qd8 19. Rc2 Bf8 20. Qc1 Nc5 21. Nf4 a5 22. h4 Bc8 23. b4 axb4 24. Nc6 Qd6 25. Nxb4 Nce4 26. a3 Bd7 27. Bd4 Bb5 28. Qb2 Bc4 29. Rc1 b5 30. Rd1 Qe7 31. Bf3 h6 32. Kg2 Qb7 33. Nh5 Nxh5 34. Bxh5 Re6 35. Bg4 Bxb4 36. Bxe6 Bxa3 37. Qxa3 fxe6 38. f3 b4 39. Qe3 Nc3 40. Qxe6+ Qf7 41. Qxf7+ Kxf7 42. Bxc3 bxc3 43. Kf2 Ke6 44. Ke3 Ke5 45. f4+ Kf5 46. Kf3 h5 47. Ke3 Bb3 48. Rc1 c2 49. Kd4 Kg4 1-0

[Event "World Cup qual"]
[Site "Khanty-Mansiysk"]
[Date "2007.10.21"]
[Round "11"]
[White "Iljiushenok, Ilia"]
[Black "Yoshan, Valeriy"]
[Result "1/2-1/2"]
[WhiteElo "2157"]
[BlackElo "2408"]
[PlyCount "74"]
[EventDate "2007.10.14"]
[EventType "tourn"]
[EventRounds "13"]
[EventCountry "RUS"]
[EventCategory "5"]
[SourceTitle "CBM 121 Extra"]
[Source "ChessBase"]
[SourceDate "2008.01.10"]
[SourceVersion "1"]
[SourceVersionDate "2008.01.10"]
[SourceQuality "1"]

1. e4 c5 2. Nc3 e6 3. f4 Nc6 4. Nf3 d5 5. Bb5 Nge7 6. exd5 exd5 7. 0-0 a6 8. Bxc6+ Nxc6 9. Ne5 Nd4 10. Ne2 Nf5 11. d4 f6 12. Nf3 c4 13. Nc3 h5 14. Qe2+ Kf7 15. Bd2 b5 16. Rae1 b4 17. Nd1 Ra7 18. Ne3 Nxe3 19. Qxe3 Re7 20. Qf2 Rxe1 21. Rxe1 Bf5 22. Nh4 Qd7 23. Qf3 g6 24. Nxf5 Qxf5 25. c3 a5 26. Qd1 Qd7 27. f5 Qxf5 28. Qa4 Bd6 29. Qb5 g5 30. cxb4 axb4 31. Bxb4 Rb8 32. Qc6 Bxh2+ 33. Kxh2 Qf4+ 34. Kh1 Qh4+ 35. Kg1 Qxd4+ 36. Kh1 Qh4+ 37. Kg1 Qd4+ 1/2-1/2

[Event "World Cup qual"]
[Site "Khanty-Mansiysk"]
[Date "2007.10.17"]
[Round "5"]
[White "Kabanov, Nikolai"]
[Black "Yoshan, Valeriy"]
[Result "0-1"]
[WhiteElo "2512"]
[BlackElo "2408"]
[PlyCount "145"]
[EventDate "2007.10.14"]
[EventType "tourn"]
[EventRounds "13"]
[EventCountry "RUS"]
[EventCategory "5"]
[SourceTitle "CBM 121 Extra"]
[Source "ChessBase"]
[SourceDate "2008.01.10"]
[SourceVersion "1"]
[SourceVersionDate "2008.01.10"]
[SourceQuality "1"]

1. Nf3 c5 2. c4 Nc6 3. d4 cxd4 4. Nxd4 g6 5. e4 Bg7 6. Nc2 Nf6 7. Nc3 d6 8. Be2 Nd7 9. Bd2 Nc5 10. b4 Ne6 11. Rb1 0-0 12. 0-0 Bd7 13. Nd5 Rc8 14. Be3 b6 15. Qd2 Ne5 16. Na3 f5 17. f4 Nc6 18. exf5 Ned4 19. fxg6 Nxe2+ 20. Qxe2 hxg6 21. Qd2 Bf5 22. Rb3 e6 23. Nc3 d5 24. Ne2 dxc4 25. Nxc4 Qxd2 26. Nxd2 Bc2 27. b5 Bxb3 28. Nxb3 Nb4 29. Bd4 e5 30. fxe5 Rxf1+ 31. Kxf1 Re8 32. a4 Bxe5 33. Bg1 Nd3 34. g3 Bc7 35. Nbd4 Re4 36. Kg2 Nc5 37. Kf3 Re7 38. Nc3 Rf7+ 39. Ke2 Be5 40. Nd5 Nxa4 41. Kd3 Bd6 42. Be3 Nb2+ 43. Ke4 Nc4 44. Bg5 Bc5 45. Nf6+ Kh8 46. Nd5 Bxd4 47. Kxd4 Nd6 48. Bf6+ Kh7 49. g4 Nxb5+ 50. Ke5 Nc7 51. Nc3 Ne8 52. Bd8 Rd7 53. Bg5 Nc7 54. h4 b5 55. Ne4 Rd5+ 56. Kf6 Ne8+ 57. Ke6 Rd4 58. Ke5 Rd1 59. Be3 a5 60. Ng5+ Kg8 61. h5 gxh5 62. gxh5 Rh1 63. Kd5 Rxh5 64. Bd2 a4 65. Kd4 Nd6 66. Ne6 Rh4+ 67. Kd5 Nc4 68. Bc3 Nb6+ 69. Kd6 b4 70. Bd4 Rxd4+ 71. Nxd4 b3 72. Nb5 b2 73. Nc3 0-1

[Event "Talinka Cup"]
[Site "Talinka"]
[Date "2007.02.11"]
[Round "9"]
[White "Yoshan, Valeriy"]
[Black "Krjuchkova, Elena"]
[Result "1/2-1/2"]
[WhiteElo "2330"]
[BlackElo "2164"]
[PlyCount "93"]
[EventDate "2007.02.03"]
[EventType "tourn"]
[EventRounds "9"]
[EventCountry "RUS"]
[EventCategory "2"]
[SourceTitle "EXT 2008"]
[Source "ChessBase"]
[SourceDate "2007.11.25"]
[SourceVersion "1"]
[SourceVersionDate "2007.11.25"]
[SourceQuality "1"]

1. e4 d5 2. exd5 Qxd5 3. d4 e5 4. Nf3 Nc6 5. Nc3 Bb4 6. Bd2 Bxc3 7. Bxc3 e4 8. Ne5 Nxe5 9. dxe5 Ne7 10. Be2 Qc6 11. a4 Qg6 12. Qd2 Be6 13. 0-0-0 Nd5 14. Bc4 Nxc3 15. Qxc3 0-0 16. Bxe6 fxe6 17. Qg3 Qxg3 18. fxg3 Rf5 19. Rhf1 Raf8 20. Rxf5 Rxf5 21. Rd7 e3 22. Kd1 Rf1+ 23. Ke2 Rf2+ 24. Kd1 c5 25. Rxb7 Rd2+ 26. Ke1 Rxc2 27. Rxa7 Rxb2 28. Rc7 Rxg2 29. a5 h5 30. a6 Ra2 31. a7 Kh7 32. Re7 Kg6 33. Rxe6+ Kf5 34. Re7 g6 35. e6 c4 36. Rc7 Kxe6 37. Rxc4 Kd5 38. Rc7 Ke4 39. Rf7 g5 40. Kf1 Ke5 41. Re7+ Kd4 42. Rd7+ Ke4 43. Rf7 h4 44. gxh4 gxh4 45. h3 Kd3 46. Rd7+ Ke4 47. Rf7 1/2-1/2

[Event "Talinka Cup"]
[Site "Talinka"]
[Date "2007.02.10"]
[Round "8"]
[White "Orekhov, Evgeny"]
[Black "Yoshan, Valeriy"]
[Result "0-1"]
[WhiteElo "2449"]
[BlackElo "2330"]
[PlyCount "108"]
[EventDate "2007.02.03"]
[EventType "tourn"]
[EventRounds "9"]
[EventCountry "RUS"]
[EventCategory "2"]
[SourceTitle "EXT 2008"]
[Source "ChessBase"]
[SourceDate "2007.11.25"]
[SourceVersion "1"]
[SourceVersionDate "2007.11.25"]
[SourceQuality "1"]

1. e4 c5 2. Nf3 Nc6 3. d4 cxd4 4. Nxd4 Nf6 5. Nc3 e5 6. Ndb5 d6 7. Nd5 Nxd5 8. exd5 Nb8 9. c4 Be7 10. Bd3 0-0 11. Qc2 f5 12. f4 a6 13. Nc3 Bf6 14. 0-0 g6 15. fxe5 Bxe5 16. Bf4 Nd7 17. Rae1 Bxf4 18. Rxf4 Ne5 19. Bf1 Bd7 20. Qb3 Qc7 21. Qa3 Rae8 22. Rd1 Qb6+ 23. Rfd4 Ng4 24. b4 Ne3 25. c5 dxc5 26. bxc5 Qf6 27. Qb3 Nxd1 28. Rxd1 Kh8 29. Ne2 f4 30. Qf3 Re3 31. Qf2 Bg4 32. d6 g5 33. h4 Qe5 34. Rd2 Qxc5 35. hxg5 Qxg5 36. Nd4 Qf6 37. Nb3 Qe5 38. Rd4 Bd7 39. Bc4 b5 40. Rd5 Qc3 41. Bf1 Be6 42. Rd2 Rf7 43. Nd4 Bd7 44. Nf3 Rg7 45. Ne1 f3 46. Nd3 Rxd3 47. Rxd3 Qxd3 48. Bxd3 Rxg2+ 49. Qxg2 fxg2 50. Kxg2 Kg7 51. Kf3 h5 52. Ke4 Kf6 53. Kd5 h4 54. Bf1 h3 0-1

[Event "Budapest Spring op 12th"]
[Site "Budapest"]
[Date "1996.??.??"]
[Round "2"]
[White "Nagy, Mihaly"]
[Black "Yoshan, Valeriy"]
[Result "0-1"]
[WhiteElo "2095"]
[BlackElo "2320"]
[PlyCount "66"]
[EventDate "1996.03.??"]
[EventType "swiss"]
[EventRounds "9"]
[EventCountry "HUN"]
[SourceTitle "CBM 052 Extra"]
[Source "ChessBase"]
[SourceDate "1996.07.01"]
[SourceVersion "1"]
[SourceVersionDate "1996.07.01"]
[SourceQuality "1"]

1. e4 c5 2. c3 Nf6 3. e5 Nd5 4. d4 e6 5. Nf3 cxd4 6. cxd4 b5 7. Nc3 Nxc3 8. bxc3 a6 9. Bd3 Bb7 10. 0-0 Be7 11. Nd2 Nc6 12. f4 b4 13. Bb2 bxc3 14. Bxc3 Qb6 15. Nb3 Nb4 16. Be2 Nd5 17. Ba5 Qa7 18. Qd2 f5 19. Rfc1 Kf7 20. Bf3 Rhc8 21. Rxc8 Rxc8 22. Rc1 Qa8 23. Kf2 Bc6 24. Nc5 h6 25. Bxd5 Bxd5 26. Nxd7 Rxc1 27. Qxc1 Bxg2 28. Qe3 Bh4+ 29. Kg1 Bh1 30. Qe2 Bf3 31. Qd2 Qe4 32. Qb2 Qe3+ 33. Kf1 Qd3+ 0-1

[Event "Budapest Spring op 12th"]
[Site "Budapest"]
[Date "1996.??.??"]
[Round "7"]
[White "Restas, Peter"]
[Black "Yoshan, Valeriy"]
[Result "0-1"]
[WhiteElo "2200"]
[BlackElo "2320"]
[PlyCount "60"]
[EventDate "1996.03.??"]
[EventType "swiss"]
[EventRounds "9"]
[EventCountry "HUN"]
[SourceTitle "CBM 052 Extra"]
[Source "ChessBase"]
[SourceDate "1996.07.01"]
[SourceVersion "1"]
[SourceVersionDate "1996.07.01"]
[SourceQuality "1"]

1. d4 f5 2. g3 Nf6 3. Bg2 g6 4. c4 Bg7 5. Nc3 d6 6. Nh3 c6 7. 0-0 0-0 8. d5 h6 9. Qb3 Kh7 10. Nf4 e5 11. Ne6 Bxe6 12. Qxb7 cxd5 13. cxd5 Bd7 14. Qxa8 Qc7 15. Be3 Nc6 16. Nb5 Qa5 17. Qb7 Nd8 18. Qxa7 Qxb5 19. Qb6 e4 20. Qxb5 Bxb5 21. Bd4 Bxe2 22. Rfe1 Bc4 23. f3 Bxd5 24. fxe4 fxe4 25. b4 Ba8 26. Rac1 d5 27. Bc5 Re8 28. b5 Nd7 29. a4 Nxc5 30. Rxc5 Bd4+ 0-1

[Event "Budapest Spring op 12th"]
[Site "Budapest"]
[Date "1996.??.??"]
[Round "4"]
[White "Sax, Gyula"]
[Black "Yoshan, Valeriy"]
[Result "1-0"]
[WhiteElo "2560"]
[BlackElo "2320"]
[PlyCount "68"]
[EventDate "1996.03.??"]
[EventType "swiss"]
[EventRounds "9"]
[EventCountry "HUN"]
[SourceTitle "CBM 052 Extra"]
[Source "ChessBase"]
[SourceDate "1996.07.01"]
[SourceVersion "1"]
[SourceVersionDate "1996.07.01"]
[SourceQuality "1"]

1. e4 d6 2. d4 Nf6 3. Nc3 Nbd7 4. g3 e5 5. Nge2 c6 6. a4 Be7 7. Bg2 0-0 8. 0-0 Qc7 9. h3 b6 10. g4 Ba6 11. Re1 Ne8 12. Be3 Bh4 13. Qd2 f6 14. Kh1 Qd8 15. Rad1 Qe7 16. Ng1 exd4 17. Qxd4 Ne5 18. b3 Kh8 19. Nge2 Rd8 20. Qd2 Qf7 21. Nd4 h5 22. g5 fxg5 23. Bxg5 Bxg5 24. Qxg5 Rd7 25. Nf5 Qg6 26. Qh4 Qh7 27. Qg3 h4 28. Qg5 Nf7 29. Qxh4 Qxh4 30. Nxh4 Kh7 31. e5 Ng5 32. Bxc6 Re7 33. Ne4 Nxh3 34. Nf3 dxe5 1-0

[Event "Budapest Spring op 12th"]
[Site "Budapest"]
[Date "1996.??.??"]
[Round "3"]
[White "Yoshan, Valeriy"]
[Black "Horvath, Jozsef"]
[Result "1/2-1/2"]
[WhiteElo "2320"]
[BlackElo "2505"]
[PlyCount "79"]
[EventDate "1996.03.??"]
[EventType "swiss"]
[EventRounds "9"]
[EventCountry "HUN"]
[SourceTitle "CBM 052 Extra"]
[Source "ChessBase"]
[SourceDate "1996.07.01"]
[SourceVersion "1"]
[SourceVersionDate "1996.07.01"]
[SourceQuality "1"]

1. c4 c5 2. Nc3 g6 3. g3 Bg7 4. Bg2 Nc6 5. e3 Nh6 6. Nge2 Nf5 7. Rb1 Rb8 8. a3 b6 9. b4 Bb7 10. d3 h5 11. h3 0-0 12. 0-0 d6 13. b5 Na5 14. e4 Nd4 15. Bd2 Ba8 16. Nf4 e6 17. h4 Bb7 18. Be1 a6 19. a4 Ra8 20. Nfe2 Nxe2+ 21. Qxe2 Re8 22. Qc2 Ra7 23. Bd2 Ba8 24. Bg5 Qd7 25. Rfe1 Nb7 26. Bh3 Qc7 27. Qd2 Kh7 28. Rec1 a5 29. Qe2 Nd8 30. Rc2 Bd4 31. Qf3 f5 32. Ne2 Nf7 33. Be3 e5 34. Nc3 Nh6 35. Nd5 Bxd5 36. cxd5 Bxe3 37. fxe3 fxe4 38. Qxe4 Rf8 39. Rf1 Rxf1+ 40. Kxf1 1/2-1/2